| 000 | 00936cac a2200241 a 4500 | ||
|---|---|---|---|
| 003 | CO-PeBPM | ||
| 005 | 20250728154620.0 | ||
| 008 | 231129e1993||||xx |||||||||||||| ||spa|| | ||
| 020 | _a9589533558 | ||
| 040 | 0 |
_aCO-PeBPM _bspa _cCO-PeBPM _erda |
|
| 041 | 0 | _aspa | |
| 082 | 0 | 4 | _a301.2 E52u |
| 100 | 1 |
_aEncuentro Internacional Perspectivas Culturales Contemporáneas _eautor |
|
| 245 | 1 | 0 |
_aUrdimbres y tramas culturales _c/Encuentro Internacional Perspectivas Culturales Contemporáneas |
| 250 | _aPrimera edición | ||
| 260 |
_aBogotá, Colombia _bEditores Corprodic. Corporación para la Producción y Divulgación de la Ciencia y la Cultura _c1993 |
||
| 300 |
_a264 páginas _c; 21 centímetros |
||
| 490 | _aSerie educación cultura y sociedad ; 3 | ||
| 500 | _aIncluye Índice | ||
| 650 | 1 | 4 |
_aAntropología cultural _2LEMB |
| 650 | 1 |
_aSociología de la cultura _2LEMB |
|
| 942 |
_2ddc _cBK |
||
| 999 |
_c26074 _d26074 |
||